|
|
|
|
| LEADER |
00000nam0a2200000 4500 |
| 001 |
245767 |
| 005 |
20231101232143.0 |
| 010 |
|
|
|a 5060009947
|
| 020 |
|
|
|a RU
|b 90-51329
|
| 035 |
|
|
|a (RuTPU)RU\TPU\book\267193
|
| 090 |
|
|
|a 245767
|
| 100 |
|
|
|a 20131116d1990 k a0rusy5003 ca
|
| 101 |
0 |
|
|a rus
|
| 102 |
|
|
|a RU
|
| 105 |
|
|
|a y z 001zy
|
| 200 |
1 |
|
|a Социализм. Человек. Культура
|f Л. К. Круглова
|
| 210 |
|
|
|a Москва
|c Высшая школа
|d 1990
|
| 215 |
|
|
|a 141 с.
|
| 606 |
1 |
|
|a Социалистическая культура
|2 stltpush
|3 (RuTPU)RU\TPU\subj\55626
|9 73634
|
| 610 |
1 |
|
|a личность
|
| 610 |
1 |
|
|a культурное строительство
|
| 610 |
1 |
|
|a социалистическое общество
|
| 610 |
1 |
|
|a СССР
|
| 610 |
1 |
|
|a методология
|
| 610 |
1 |
|
|a история
|
| 610 |
1 |
|
|a социализм
|
| 700 |
|
1 |
|a Круглова
|b Л. К.
|g Лариса Константиновна
|4 070
|
| 801 |
|
0 |
|a RU
|b RuMRKP
|c 19950417
|g psbo
|
| 801 |
|
1 |
|a RU
|b 63413507
|c 20131116
|
| 801 |
|
2 |
|a RU
|b 63413507
|c 20131126
|g RCR
|
| 942 |
|
|
|c BK
|